| 000 | 00422nam a22001337a 4500 | ||
|---|---|---|---|
| 008 | 230616b |||||||| |||| 00| 0 eng d | ||
| 040 |
_aNational Science Library _cNational Science Library |
||
| 080 |
_a624:658.7 _bP2 |
||
| 245 |
_aDelhi schedule of rates _c/ Central Public Works Department |
||
| 260 |
_aNew Delhi: _bCentral Public Works Department, _c2002 |
||
| 300 | _a354p. | ||
| 650 | _aScience | ||
| 942 |
_2udc _cREP |
||
| 999 |
_c44191 _d44191 |
||